000 01054cam a2200193Ka 4500
999 _c1871
_d1871
020 _a9780132457576 (Global ed.)
020 _a0132457571 (Global ed.)
050 1 4 _aHD30.25
100 1 _aTaylor, Bernard W.
245 1 0 _aIntroduction to management science /
_cBernard W. Taylor III.
250 _a10th ed.
260 _aUpper Saddle River, NJ :
_bPearson Education,
_cc2010.
300 _a831 p. :
_bill. ;
_c26 cm.
500 _aIncludes index
505 _aManagement science -- Linear programming : model formulation and graphical solution -- Linear programming : computer solution and sensitivity analysis -- Linear programming : modeling examples -- Integer programming -- Transportation, transshipment, and assignment problems -- Network flow models -- Project management -- Multicriteria decision making -- Nonlinear programming -- Probability and statistics -- Decision analysis -- Queuing analysis -- Simulation -- Forecasting -- Inventory management.
650 0 _aManagement science.
650 0 7 _aManagement.
942 _cBK